000 00953nac a22002771i 4500
003 EG-ScBUE
005 20250708093019.0
008 091014s2003 enka f d 000 0 eng d
020 _a0140514457
020 _a9780140514452
040 _aEG-ScBUE
_beng
_erda
_cEG-ScBUE
_dEG-ScBUE
082 0 4 _a540.3
_bPEN
_222
245 0 4 _aThe penguin dictionary of chemistry /
_cedited by David W.A. Sharp, M.A., Ph.D., C.CHEM., F.R.S.C., F.R.S.E.
250 _aThird edition.
264 1 _aLondon :
_bPenguin Books,
_c2003.
300 _a434 pages :
_billustrations ;
_c20 cm
336 _2rdacontent
_atext
_btxt
337 _aunmediated
_2rdamedia
_bn
338 _avolume
_bnc
_2rdacarrier
500 _aAbridged ed. of: Miall's dictionary of chemistry. 5th ed. 1981.
500 _a"Penguin reference"--Ser. t.p.
650 7 _aChemistry
_vDictionaries.
_2BUEsh
_98883
655 _vReading book
700 1 _aSharp, D. W. A.,
_98884
_eeditor.
942 _cNB
_2ddc
999 _c2711
_d2711